Southville International School and Colleges
Your cart is empty.
  • Cart
  • Lists
    Public lists Eva Luna New books Lux_list list_1
    Your lists Log in to create your own lists
  • Log in to your account
  • Your cookies
  • Search history
Southville International School and Colleges
  • Advanced search
  • Recent comments
  • Most popular
  • Libraries

Log in to your account

Log in with GOOGLE


If you do not have an external account, but do have a local account, you can still log in:

  1. Home
  2. MARC view: Victory /
Normal view MARC view ISBD view

Victory / (Record no. 284710)

[ view plain ]
MARC details
000 -LEADER
fixed length control field 01609cam a2200397 a 4500
003 - CONTROL NUMBER IDENTIFIER
control field PILC
005 - DATE AND TIME OF LATEST TRANSACTION
control field 20150905093008.0
008 - FIXED-LENGTH DATA ELEMENTS--GENERAL INFORMATION
fixed length control field 050620s2006 nyua c 000 f eng
010 ## - LIBRARY OF CONGRESS CONTROL NUMBER
LC control number 2005016747
020 ## - INTERNATIONAL STANDARD BOOK NUMBER
International Standard Book Number 1416914773 (hardcover)
020 ## - INTERNATIONAL STANDARD BOOK NUMBER
International Standard Book Number 9781416914778
020 ## - INTERNATIONAL STANDARD BOOK NUMBER
International Standard Book Number 9781416914785
020 ## - INTERNATIONAL STANDARD BOOK NUMBER
International Standard Book Number 1416914781
035 ## - SYSTEM CONTROL NUMBER
System control number (OCoLC)ocm60931283
035 ## - SYSTEM CONTROL NUMBER
System control number (OCoLC)60931283
Canceled/invalid control number (OCoLC)63519398
-- (OCoLC)70182559
037 ## - SOURCE OF ACQUISITION
Source of stock number/acquisition Junior Library Guild
Note http://www.juniorlibraryguild.com
040 ## - CATALOGING SOURCE
Original cataloging agency DLC
Transcribing agency DLC
Modifying agency IG#
-- JLGCP
-- BAKER
-- TEF
-- VP@
-- EHH
-- DLC
042 ## - AUTHENTICATION CODE
Authentication code lcac
-- lcac
043 ## - GEOGRAPHIC AREA CODE
Geographic area code e-uk---
050 00 - LIBRARY OF CONGRESS CALL NUMBER
Classification number PS 3553
Item number .C776 2006
100 1# - MAIN ENTRY--PERSONAL NAME
Personal name Cooper, Susan,
Dates associated with a name 1935-
245 10 - TITLE STATEMENT
Title Victory /
Statement of responsibility, etc Susan Cooper.
260 ## - PUBLICATION, DISTRIBUTION, ETC. (IMPRINT)
Place of publication, distribution, etc NY :
Name of publisher, distributor, etc Aladdin Paperbacks,
Date of publication, distribution, etc 2006.
300 ## - PHYSICAL DESCRIPTION
Extent 206 pages :
Other physical details illustrations ;
Dimensions 24 cm.
520 ## - SUMMARY, ETC.
Summary, etc Alternating chapters follow the mysterious connection between a homesick English girl living in present-day America and an eleven-year-old boy serving in the British Royal Navy in 1803, aboard the H.M.S. Victory, commanded by Admiral Horatio Nelson.
586 8# - AWARDS NOTE
Awards note A Junior Library Guild selection.
610 20 - SUBJECT ADDED ENTRY--CORPORATE NAME
Corporate name or jurisdiction name as entry element Victory (Man of war)
Form subdivision Juvenile fiction.
610 21 - SUBJECT ADDED ENTRY--CORPORATE NAME
Corporate name or jurisdiction name as entry element Victory (Man of war)
Form subdivision Fiction.
650 #0 - SUBJECT ADDED ENTRY--TOPICAL TERM
Topical term or geographic name as entry element Sea stories.
650 #1 - SUBJECT ADDED ENTRY--TOPICAL TERM
Topical term or geographic name as entry element Sea stories.
651 #0 - SUBJECT ADDED ENTRY--GEOGRAPHIC NAME
Geographic name Great Britain
General subdivision History, Naval
Chronological subdivision 19th century
Form subdivision Juvenile fiction.
651 #1 - SUBJECT ADDED ENTRY--GEOGRAPHIC NAME
Geographic name Great Britain
General subdivision History, Naval
Chronological subdivision 19th century
Form subdivision Fiction.
655 #7 - INDEX TERM--GENRE/FORM
Genre/form data or focus term Sea stories.
Source of term gsafd.
856 42 - ELECTRONIC LOCATION AND ACCESS
Public note Publisher description
Uniform Resource Identifier <a href="http://www.loc.gov/catdir/enhancements/fy0641/2005016747-d.html">http://www.loc.gov/catdir/enhancements/fy0641/2005016747-d.html</a>
942 ## - ADDED ENTRY ELEMENTS (KOHA)
Source of classification or shelving scheme Library of Congress Classification
Koha item type Books
Call number prefix Foreign
Holdings
Withdrawn status Lost status Source of classification or shelving scheme Damaged status Home library Current library Shelving location Date acquired Source of acquisition Sub Shelving location Total Checkouts Full call number Barcode Date last seen Price effective from Koha item type
    Library of Congress Classification   College Library College Library Fiction Section 06/04/2015 Library Fund     PS 3553 .C776 2006 C19553 05/08/2018 06/04/2015 Books

Victory /

APA

Cooper S., . (2006). Victory. NY: Aladdin Paperbacks.

Chicago

Cooper Susan, . 2006. Victory. NY: Aladdin Paperbacks.

Harvard

Cooper S., . (2006). Victory. NY: Aladdin Paperbacks.

MLA

Cooper Susan, . Victory. NY: Aladdin Paperbacks. 2006.

  • Place hold
  • Print
  • Cite
  • Add to your cart (remove)
  • Save record
    BIBTEX Dublin Core MARCXML MARC (non-Unicode/MARC-8) MARC (Unicode/UTF-8) MARC (Unicode/UTF-8, Standard) MODS (XML) RIS
  • More searches
    Search for this title in:
    Other Libraries (WorldCat) Other Databases (Google Scholar) Online Stores (Bookfinder.com) Open Library (openlibrary.org)

Exporting to Dublin Core...

SOUTHVILLE LIBRARY

Southville International School and Colleges Library

1281 Tropical Ave. Cor. Luxembourg St., BF Homes International, Las Pinas City

Tel. No. 8256374 / 252358 Loc. 117/146

Powered by Koha